00585 a2200169 450000500170000002000180001708200140003510000190004924500300006825000130009826000500011130000620016170000340022394200130025799900110027095201340028120250609103902.0 a0-07-061015-0 a658.8 STA aSTANTON, W. J. aFundamentals of Marketing a5th Ed.  aNew York, bMcGraw-Hill Book Company, c1981. axxvii, 687p. ill, picture, tablebGlossary, index c26cm. aETZEL, M. J. & WALKER, B. J.  2ddccBKS c29d29 r2025-03-05 16:28:49l0o658.8 STAp000000691v45000.00w2025-03-05yBKS102ddc407000aCBEMLbCBEMLcGENd1990-05-08g15000.00